Reconfiguring territorial governance in the light of the tourism transition. The case of mountain huts in the Franco-Swiss Alps (notice n° 1815704)
[ vue normale ]
| 000 -LEADER | |
|---|---|
| fixed length control field | 01738cam a2200181 4500500 |
| 005 - DATE AND TIME OF LATEST TRANSACTION | |
| control field | 20260329002517.0 |
| 041 ## - LANGUAGE CODE | |
| Language code of text/sound track or separate title | fre |
| 042 ## - AUTHENTICATION CODE | |
| Authentication code | dc |
| 100 10 - MAIN ENTRY--PERSONAL NAME | |
| Personal name | Miczka, Jean |
| Relator term | author |
| 245 00 - TITLE STATEMENT | |
| Title | Reconfiguring territorial governance in the light of the tourism transition. The case of mountain huts in the Franco-Swiss Alps |
| 260 ## - PUBLICATION, DISTRIBUTION, ETC. | |
| Date of publication, distribution, etc. | 2026.<br/> |
| 500 ## - GENERAL NOTE | |
| General note | 96 |
| 520 ## - SUMMARY, ETC. | |
| Summary, etc. | Tourism transition is currently a major challenge for mountain refuges and, more generally, for less developed mountains. At a time when mountain huts are undergoing a significant diversification of their activities and of their public, the owners of these structures have to cope with the effects of climate change and a significant increase in renovation costs. The multi-functional nature of the hut means that an increasing number of stakeholders are becoming involved and collaborating around this structure. As a result, we are seeing an increase in co-financing, increasingly frequent integration of the refuge in a territorial project, and more concerted efforts to diversify activities in the area. Through a study of 6 valleys and 22 huts in France and Switzerland, this article highlights the redefinition of territorial governance in the light of tourism transition. This evolution manifests itself in organisational reconfigurations characterised by an increased concertation between actors in the less developed mountains in the context of this transition. |
| 700 10 - ADDED ENTRY--PERSONAL NAME | |
| Personal name | Chanteloup, Laine |
| Relator term | author |
| 700 10 - ADDED ENTRY--PERSONAL NAME | |
| Personal name | Clivaz, Christophe |
| Relator term | author |
| 786 0# - DATA SOURCE ENTRY | |
| Note | Natures Sciences Sociétés | 33 | 3 | 2026-03-03 | p. 271-281 | 1240-1307 |
| 856 41 - ELECTRONIC LOCATION AND ACCESS | |
| Uniform Resource Identifier | <a href="https://stm.cairn.info/journal-natures-sciences-societes-2025-3-page-271?lang=en&redirect-ssocas=7080">https://stm.cairn.info/journal-natures-sciences-societes-2025-3-page-271?lang=en&redirect-ssocas=7080</a> |
Pas d'exemplaire disponible.




Réseaux sociaux